[Event "GER-ch U25-C"]
[Site "Willingen"]
[Date "2019.06.12"]
[Round "6"]
[White "Hapke, Lara"]
[Black "Chassard, Cecilia"]
[Result "1-0"]
[WhiteElo "1358"]
[BlackElo "915"]
[PlyCount "59"]
[EventDate "2019.06.08"]
[EventType "swiss"]
[EventRounds "9"]
[EventCountry "GER"]
[SourceTitle "CBM 191 Extra"]
[Source "ChessBase"]
[SourceDate "2019.09.30"]
[SourceVersion "1"]
[SourceVersionDate "2019.09.30"]
[SourceQuality "1"]

1. e4 e5 2. Nf3 Nc6 3. d4 exd4 4. Nxd4 Bc5 5. Nb3 d6 6. Nc3 Nf6 7. Nxc5 dxc5 8. Qxd8+ Nxd8 9. Bf4 Ne6 10. Bd2 Nd4 11. 0-0-0 b6 12. f3 c6 13. Ne2 b5 14. Nxd4 cxd4 15. Bb4 a5 16. Bd6 Be6 17. Kb1 a4 18. Rxd4 a3 19. Bxa3 b4 20. Rxb4 Rd8 21. Bd3 0-0 22. Rb6 Rfe8 23. Rxc6 Ra8 24. Ra6 Rad8 25. Bb5 Re7 26. Bxe7 Rd2 27. Ra8+ Bc8 28. Rxc8+ Rd8 29. Rxd8+ Ne8 30. Rxe8# 1-0

[Event "GER-ch U25-C"]
[Site "Willingen"]
[Date "2019.06.09"]
[Round "2"]
[White "Hapke, Lara"]
[Black "Akcapinar, Timur"]
[Result "1-0"]
[WhiteElo "1358"]
[BlackElo "852"]
[PlyCount "91"]
[EventDate "2019.06.08"]
[EventType "swiss"]
[EventRounds "9"]
[EventCountry "GER"]
[SourceTitle "CBM 191 Extra"]
[Source "ChessBase"]
[SourceDate "2019.09.30"]
[SourceVersion "1"]
[SourceVersionDate "2019.09.30"]
[SourceQuality "1"]

1. e4 c5 2. Nf3 d6 3. d4 cxd4 4. Nxd4 Nf6 5. Nc3 g6 6. Be3 Bg7 7. f3 0-0 8. Qd2 Bd7 9. 0-0-0 Nc6 10. g4 a6 11. h4 b5 12. h5 b4 13. Nd5 Nxd4 14. Nxf6+ Bxf6 15. Bxd4 Bxd4 16. Qxd4 Qa5 17. hxg6 fxg6 18. Bc4+ e6 19. Qxd6 Qg5+ 20. Kb1 Rad8 21. Bxe6+ Bxe6 22. Qxe6+ Kg7 23. Rxd8 Qxd8 24. Qe5+ Kg8 25. Rf1 Qd7 26. Qd5+ Qxd5 27. exd5 Ra8 28. Rd1 Rf8 29. Rd3 h5 30. d6 h4 31. d7 h3 32. d8Q Rxd8 33. Rxd8+ Kg7 34. Rd1 Kh6 35. Rh1 g5 36. Rxh3+ Kg6 37. c3 bxc3 38. bxc3 a5 39. c4 a4 40. c5 a3 41. c6 Kf6 42. c7 Ke7 43. c8Q Kf7 44. Rh6 Ke7 45. Qc7+ Kf8 46. Rh8# 1-0

[Event "GER-ch U25-B"]
[Site "Willingen"]
[Date "2017.06.08"]
[Round "7"]
[White "Wilmink, Luca"]
[Black "Hapke, Lara"]
[Result "1-0"]
[WhiteElo "968"]
[BlackElo "1143"]
[PlyCount "43"]
[EventDate "2017.06.04"]
[EventType "swiss"]
[EventRounds "9"]
[EventCountry "GER"]
[SourceTitle "CBM 178 Extra"]
[Source "ChessBase"]
[SourceDate "2017.06.22"]
[SourceVersion "1"]
[SourceVersionDate "2017.06.22"]
[SourceQuality "1"]

1. e4 e5 2. Nf3 Nc6 3. Bc4 Bc5 4. 0-0 Nf6 5. d3 a6 6. c3 d6 7. Be3 Bxe3 8. fxe3 Bg4 9. Nbd2 Qd7 10. Qe1 0-0-0 11. b4 Ne7 12. a4 h5 13. b5 a5 14. Bxf7 d5 15. Bxd5 Nexd5 16. exd5 Nxd5 17. d4 exd4 18. exd4 Nxc3 19. Nb3 Rde8 20. Qxc3 h4 21. Qxa5 Bxf3 22. Qa8# 1-0

[Event "GER-ch U25-B"]
[Site "Willingen"]
[Date "2017.06.06"]
[Round "4"]
[White "Hapke, Lara"]
[Black "Schoenweiler, Elisabeth"]
[Result "1/2-1/2"]
[WhiteElo "1143"]
[BlackElo "1247"]
[PlyCount "49"]
[EventDate "2017.06.04"]
[EventType "swiss"]
[EventRounds "9"]
[EventCountry "GER"]
[SourceTitle "CBM 178 Extra"]
[Source "ChessBase"]
[SourceDate "2017.06.22"]
[SourceVersion "1"]
[SourceVersionDate "2017.06.22"]
[SourceQuality "1"]

1. e4 e5 2. Nf3 Nc6 3. d4 exd4 4. Nxd4 Bc5 5. Nb3 Bb6 6. Nc3 d6 7. Bf4 Be6 8. Bb5 Nge7 9. Nd4 Bd7 10. Nxc6 Bxc6 11. Bc4 0-0 12. Qd2 Ng6 13. Bg5 Qd7 14. 0-0-0 Rfe8 15. f3 a6 16. h4 Ne5 17. Bb3 Qc8 18. Nd5 Bxd5 19. Qxd5 h6 20. Bf4 Re7 21. Qd2 Kh7 22. Qe2 Ng6 23. Bd2 Ne5 24. Bc3 Qf8 25. g4 1/2-1/2

[Event "GER-ch U25-B"]
[Site "Willingen"]
[Date "2017.06.05"]
[Round "3"]
[White "Lohrmann, Linus"]
[Black "Hapke, Lara"]
[Result "1-0"]
[WhiteElo "1343"]
[BlackElo "1143"]
[PlyCount "81"]
[EventDate "2017.06.04"]
[EventType "swiss"]
[EventRounds "9"]
[EventCountry "GER"]
[SourceTitle "CBM 178 Extra"]
[Source "ChessBase"]
[SourceDate "2017.06.22"]
[SourceVersion "1"]
[SourceVersionDate "2017.06.22"]
[SourceQuality "1"]

1. e4 e5 2. Nf3 Nc6 3. d4 exd4 4. Bc4 Bb4+ 5. c3 dxc3 6. Nxc3 Nge7 7. 0-0 0-0 8. a3 Bxc3 9. bxc3 h6 10. Nd4 d6 11. Qf3 Ng6 12. Qg3 Nce5 13. Bb3 Qf6 14. f4 Nc6 15. e5 dxe5 16. fxe5 Qxe5 17. Qxg6 Nxd4 18. Bxf7+ Kh8 19. Bb2 Bf5 20. Qh5 Qe3+ 21. Kh1 Bd3 22. Bc1 Qe4 23. Rg1 Ne2 24. Rd1 Nf4 25. Bxf4 Qxf4 26. Rxd3 Qxf7 27. Qd1 Rae8 28. h3 Re6 29. Rd7 Qf2 30. Qg4 Rg8 31. Qxe6 Qb2 32. Ra2 Qc1+ 33. Kh2 Qf4+ 34. g3 Qf1 35. Qf7 Qb1 36. Rxc7 a6 37. Rxb7 Qe4 38. Rab2 Qa4 39. Rb8 Rxb8 40. Rxb8+ Kh7 41. Qf5+ 1-0

[Event "Rhein Main op-B 19th"]
[Site "Bad Homburg"]
[Date "2016.05.27"]
[Round "4"]
[White "Junkers, Guenter"]
[Black "Hapke, Lara"]
[Result "1/2-1/2"]
[WhiteElo "1258"]
[BlackElo "1070"]
[PlyCount "172"]
[EventDate "2016.05.25"]
[EventType "swiss"]
[EventRounds "7"]
[EventCountry "GER"]
[SourceTitle "EXT 2017"]
[Source "ChessBase"]
[SourceDate "2016.10.25"]
[SourceVersion "1"]
[SourceVersionDate "2016.10.25"]
[SourceQuality "1"]

1. e4 e5 2. Nf3 Nc6 3. d3 Nf6 4. c3 Bc5 5. Ng5 0-0 6. Nf3 h6 7. Nbd2 d6 8. Nc4 Re8 9. Be3 b5 10. Na3 b4 11. Bxc5 dxc5 12. Nb5 a6 13. Nxc7 Qxc7 14. c4 Bg4 15. Be2 Nd4 16. Nxd4 Bxe2 17. Nxe2 Rad8 18. 0-0 Nxe4 19. Qc2 Nf6 20. Ng3 Rd4 21. Nf5 Rg4 22. Ne3 Rg5 23. Nd5 Qc6 24. Rfe1 Nxd5 25. cxd5 Qxd5 26. Re4 f5 27. Qc4 Qxc4 28. Rxc4 Rc8 29. Re1 f4 30. f3 h5 31. Kf2 Kf7 32. d4 exd4 33. Re4 Rd8 34. Rxf4+ Ke6 35. Rc1 d3 36. Re4+ Kf6 37. Rf4+ Kg6 38. Kg1 Re5 39. Kf2 Re2+ 40. Kf1 Rxb2 41. Rfc4 Rxa2 42. Rxc5 b3 43. Rc6+ Kh7 44. Rb6 b2 45. Rb1 a5 46. Ke1 a4 47. R6xb2 Rxb2 48. Rxb2 d2+ 49. Kd1 Kg6 50. Rb6+ Kf5 51. Rb4 a3 52. Ra4 Rd3 53. Re4 g5 54. Rc4 Ke5 55. Ra4 Kd5 56. Ra5+ Kc4 57. Rxg5 Kb3 58. Rb5+ Ka2 59. Rxh5 Kb2 60. Rb5+ Rb3 61. Ra5 a2 62. Rxa2+ Kxa2 63. Kxd2 Ka3 64. Ke2 Kb4 65. Kf2 Kc4 66. g4 Kd5 67. Kg3 Ke5 68. h3 Kf6 69. h4 Kg6 70. Kf4 Rb4+ 71. Kg3 Kh6 72. Kg2 Rb2+ 73. Kg3 Rb4 74. Kh3 Rf4 75. Kg3 Rf7 76. f4 Kg6 77. h5+ Kh6 78. Kf3 Ra7 79. Kg3 Ra1 80. Kg2 Rb1 81. Kg3 Rg1+ 82. Kf3 Rf1+ 83. Kg3 Rg1+ 84. Kf3 Rf1+ 85. Kg3 Rg1+ 86. Kf3 Rf1+ 1/2-1/2

[Event "Rhein Main op-B 19th"]
[Site "Bad Homburg"]
[Date "2016.05.26"]
[Round "3"]
[White "Hapke, Lara"]
[Black "Jahraus, Marlis"]
[Result "0-1"]
[WhiteElo "1070"]
[BlackElo "1383"]
[PlyCount "76"]
[EventDate "2016.05.25"]
[EventType "swiss"]
[EventRounds "7"]
[EventCountry "GER"]
[SourceTitle "EXT 2017"]
[Source "ChessBase"]
[SourceDate "2016.10.25"]
[SourceVersion "1"]
[SourceVersionDate "2016.10.25"]
[SourceQuality "1"]

1. e4 c5 2. Nc3 e6 3. f4 d5 4. exd5 exd5 5. Nf3 Nf6 6. Bb5+ Nbd7 7. a3 Be7 8. 0-0 0-0 9. d3 a6 10. Ba4 b5 11. Bb3 Bb7 12. Qe1 Re8 13. Qg3 Qb6 14. Kh1 Bd6 15. Qh3 Nf8 16. Bd2 c4 17. Ba2 d4 18. Nd1 Re2 19. Bb4 Bxb4 20. axb4 Rxc2 21. dxc4 bxc4 22. Ne5 Bxg2+ 23. Qxg2 Rxg2 24. Kxg2 Rc8 25. Bxc4 Rxc4 26. Nxc4 Qc6+ 27. Rf3 Qxc4 28. Raa3 h6 29. Nf2 Ne6 30. f5 Ng5 31. Rg3 Qd5+ 32. Kg1 Nh5 33. Rgd3 Nf4 34. Rg3 Ne2+ 35. Kf1 Nxg3+ 36. hxg3 Qc4+ 37. Rd3 Ne4 38. Nxe4 Qxd3+ 0-1

[Event "GER-ch U12 Girls"]
[Site "Willingen"]
[Date "2016.05.19"]
[Round "8"]
[White "Bohrer, Katharina"]
[Black "Hapke, Lara"]
[Result "1-0"]
[WhiteElo "1406"]
[BlackElo "971"]
[PlyCount "37"]
[EventDate "2016.05.15"]
[EventType "swiss"]
[EventRounds "11"]
[EventCountry "GER"]
[SourceTitle "CBM 172 Extra"]
[Source "ChessBase"]
[SourceDate "2016.06.21"]
[SourceVersion "1"]
[SourceVersionDate "2016.06.21"]
[SourceQuality "1"]

1. e4 e5 2. Nf3 Nc6 3. d4 exd4 4. Bc4 Nf6 5. c3 dxc3 6. Qb3 Qe7 7. 0-0 d6 8. Nxc3 Na5 9. Qa4+ Nc6 10. Re1 Bd7 11. Bb5 0-0-0 12. Bxc6 Bxc6 13. Qxa7 h5 14. Nd5 Nxd5 15. exd5 Qf6 16. Bg5 Qg6 17. dxc6 bxc6 18. Qa8+ Kd7 19. Qxd8# 1-0

[Event "GER-ch U12 Girls"]
[Site "Willingen"]
[Date "2016.05.15"]
[Round "1"]
[White "Hapke, Lara"]
[Black "Reuter, Elisa"]
[Result "1/2-1/2"]
[WhiteElo "971"]
[BlackElo "1364"]
[PlyCount "83"]
[EventDate "2016.05.15"]
[EventType "swiss"]
[EventRounds "11"]
[EventCountry "GER"]
[SourceTitle "CBM 172 Extra"]
[Source "ChessBase"]
[SourceDate "2016.06.21"]
[SourceVersion "1"]
[SourceVersionDate "2016.06.21"]
[SourceQuality "1"]

1. e4 c5 2. Nc3 Nc6 3. f4 g6 4. Nf3 Bg7 5. Bc4 e6 6. 0-0 a6 7. a3 Nge7 8. f5 exf5 9. d3 0-0 10. Qe1 Nd4 11. Nxd4 cxd4 12. Nd5 Nxd5 13. Bxd5 d6 14. Bf4 Rb8 15. Qg3 Be5 16. Bxe5 dxe5 17. Qxe5 Bd7 18. exf5 Bxf5 19. Bb3 Re8 20. Qg3 Rc8 21. Rxf5 Rc7 22. Raf1 Rf8 23. Rd5 Rd7 24. Rxd7 Qxd7 25. Qf3 b5 26. Qf6 a5 27. Rf4 a4 28. Ba2 Qe8 29. Qxd4 Qe1+ 30. Rf1 Qe7 31. Qd5 Qe3+ 32. Kh1 Qe2 33. Rxf7 Qe3 34. Rf3+ Kg7 35. Qd7+ Kh6 36. Rh3+ Kg5 37. Qd5+ Kg4 38. Rg3+ Kh4 39. Rh3+ Kg4 40. Qd7+ Kg5 41. Rg3+ Kh6 42. Rh3+ 1/2-1/2

[Event "GER-ch U12 Girls"]
[Site "Willingen"]
[Date "2016.05.15"]
[Round "2"]
[White "Pavlov, Liliane"]
[Black "Hapke, Lara"]
[Result "1-0"]
[WhiteElo "1445"]
[BlackElo "971"]
[PlyCount "53"]
[EventDate "2016.05.15"]
[EventType "swiss"]
[EventRounds "11"]
[EventCountry "GER"]
[SourceTitle "CBM 172 Extra"]
[Source "ChessBase"]
[SourceDate "2016.06.21"]
[SourceVersion "1"]
[SourceVersionDate "2016.06.21"]
[SourceQuality "1"]

1. e4 e5 2. Nf3 Nc6 3. d4 exd4 4. Bc4 Bc5 5. c3 dxc3 6. Bxf7+ Ke7 7. Nxc3 Nf6 8. Bb3 Re8 9. 0-0 Kf8 10. Bg5 h6 11. Bh4 d6 12. Nd5 Be6 13. Re1 Bxd5 14. Bxd5 Ne5 15. Nxe5 Rxe5 16. Qc2 c6 17. Bb3 Rh5 18. Qc4 Qe7 19. e5 Rxe5 20. Rxe5 dxe5 21. Bxf6 Qxf6 22. Qxc5+ Ke8 23. Re1 Kd8 24. Rxe5 Qf4 25. Qe7+ Kc8 26. Be6+ Kb8 27. Qd8# 1-0

[Event "Rhein Main op-B 18th"]
[Site "Bad Homburg"]
[Date "2015.06.07"]
[Round "7"]
[White "Idrissi, Mourad"]
[Black "Hapke, Lara"]
[Result "1-0"]
[WhiteElo "1409"]
[BlackElo "1015"]
[PlyCount "67"]
[EventDate "2015.06.03"]
[EventType "swiss"]
[EventRounds "7"]
[EventCountry "GER"]
[SourceTitle "CBM 167 Extra"]
[Source "ChessBase"]
[SourceDate "2015.09.14"]
[SourceVersion "1"]
[SourceVersionDate "2015.09.14"]
[SourceQuality "1"]

1. d4 d5 2. c4 c6 3. Nc3 e6 4. Nf3 Nf6 5. Bg5 g6 6. e3 Bg7 7. Bd3 0-0 8. Qc2 Nbd7 9. 0-0 Nb6 10. c5 Nc4 11. Bxc4 dxc4 12. Ne5 Re8 13. Nxc4 Qc7 14. Nd6 Re7 15. Nce4 Nxe4 16. Bxe7 Qxe7 17. Qxe4 f5 18. Qc2 b6 19. b4 Ba6 20. Rfe1 bxc5 21. bxc5 Rb8 22. Rab1 Rxb1 23. Rxb1 e5 24. Rb8+ Bf8 25. Qb3+ Kg7 26. dxe5 Qxe5 27. Qf7+ Kh6 28. Qxf8+ Kg5 29. Nf7+ Kf6 30. Nxe5+ Kxe5 31. Rd8 Bc4 32. f4+ Ke4 33. Qe7+ Be6 34. Qxe6# 1-0

[Event "Rhein Main op-B 18th"]
[Site "Bad Homburg"]
[Date "2015.06.04"]
[Round "2"]
[White "Friedel, Thomas"]
[Black "Hapke, Lara"]
[Result "1-0"]
[WhiteElo "1612"]
[BlackElo "1015"]
[PlyCount "101"]
[EventDate "2015.06.03"]
[EventType "swiss"]
[EventRounds "7"]
[EventCountry "GER"]
[SourceTitle "CBM 167 Extra"]
[Source "ChessBase"]
[SourceDate "2015.09.14"]
[SourceVersion "1"]
[SourceVersionDate "2015.09.14"]
[SourceQuality "1"]

1. e4 d5 2. exd5 Nf6 3. Nc3 Nxd5 4. Nxd5 Qxd5 5. h3 Nc6 6. Nf3 Bf5 7. Be2 0-0-0 8. 0-0 e5 9. d3 Bc5 10. b3 Qe6 11. Nh4 Nd4 12. Nxf5 Nxe2+ 13. Qxe2 Qxf5 14. Be3 Bd4 15. Rad1 h6 16. Rfe1 Bxe3 17. Qxe3 g5 18. Qxe5 Qg6 19. Qe4 Qxe4 20. Rxe4 Rhe8 21. Rde1 Kd7 22. f3 Rxe4 23. Rxe4 Re8 24. Rxe8 Kxe8 25. Kf2 Kd7 26. Ke3 Kd6 27. Ke4 f6 28. d4 c5 29. dxc5+ Kxc5 30. c3 a5 31. a4 Kd6 32. Kf5 Ke7 33. g4 Kf7 34. Ke4 Ke6 35. b4 axb4 36. cxb4 Kd6 37. Kd4 Kc6 38. Kc4 Kd6 39. a5 Ke5 40. b5 Kf4 41. a6 bxa6 42. bxa6 Kxf3 43. a7 Kg3 44. a8Q Kxh3 45. Qf3+ Kh4 46. Kd4 f5 47. gxf5 g4 48. Qf4 h5 49. Ke5 Kh3 50. Kf6 Kh4 51. Qh2# 1-0